Digital katalóg ...

Bibliographic Details
Other Authors: Mazag, Martin (Publishing director), Koppl, Daniel (Publishing director)
Format: Journal
Language:Slovak
PhysicalDescription:4 zv. 30 cm
Published: Bratislava Ecopress Magazines 2010-2013
Subjects:

MARC

LEADER 00000nas a2200000 a 4500
001 vtls012066228
003 SK-MaSNL
005 20260228161349.0
008 210820c20102013xo ar|p y 0 b0slo
040 |a SNK  |b slo  |c SNK  |e AACR2 
041 0 |a slo 
044 |a xo  |c SK 
072 7 |a 004.7  |x Počítačové siete  |2 konspekt 
072 7 |a 316.7  |x Sociológia kultúry. Kultúrny život  |2 konspekt 
080 |a 004.738.5  |2 2011 
080 |a 316.772:004.738.5  |2 2011 
080 |a 050  |2 2001 
080 |a (083.82)  |2 2011 
080 |a (058)  |2 2011 
245 0 0 |a Digital katalóg ... 
260 |a Bratislava  |b Ecopress Magazines  |c 2010-2013 
300 |a 4 zv.  |c 30 cm 
310 |a 1x ročne 
362 0 |a 2010-2013 
500 |a Šéfred.: 2010, Martin Mazag ; 2011-2013, Daniel Koppl 
500 |a Súčasťou názvu je kalendárny rok 
525 |a Je prílohou k: Stratégie 
650 0 7 |a internet  |2 SNKPH  |9 1833 
650 0 7 |a internetová komunikácia  |2 SNKPH  |9 1849 
655 7 |a katalógy  |2 SNKPH  |9 60821 
655 7 |a ročenky  |2 SNKPH  |9 57146 
700 1 |a Mazag, Martin  |4 pbd  |9 268485 
700 1 |a Koppl, Daniel  |4 pbd  |9 268486 
772 0 |t Stratégie  |w vtls001467591 
910 |a snk 
999 |c 5116  |d 7046 
952 |0 0  |1 0  |4 0  |7 0  |8 0  |a SNK  |b SNK  |d 2021-08-20  |i snk2021/10682  |l 0  |o snkČSB 7686/2010  |p 17A1434667  |r 2026-02-21 19:59:08  |w 2026-02-21  |y PREZ 
952 |0 0  |1 0  |4 0  |7 0  |8 0  |a SNK  |b SNK  |d 2021-08-20  |i snk2021/10684  |l 0  |o snkČSB 7686/2011  |p 17A1434668  |r 2026-02-21 19:59:08  |w 2026-02-21  |y PREZ 
952 |0 0  |1 0  |4 0  |7 0  |8 0  |a SNK  |b SNK  |d 2021-08-20  |i snk2021/10685  |l 0  |o snkČSB 7686/2012  |p 17A1434696  |r 2026-02-21 19:59:08  |w 2026-02-21  |y PREZ 
952 |0 0  |1 0  |4 0  |7 0  |8 0  |a SNK  |b SNK  |d 2021-08-20  |i snk2021/10686  |l 0  |o snkČSB 7686/2013  |p 17A1434695  |r 2026-02-21 19:59:08  |w 2026-02-21  |y PREZ